000 01211nam a2200337 4500
001 0000018447
003 CO-CtgCURN
005 20260408155843.0
007 ta
008 160627s2001 000 0 eng d
020 _a9687988282
040 _aCO-CtgCURN
_bspa
_ccoctgcurn
082 0 _a616.079
_bR64i
100 1 _aRojas Espinosa, oscar.
245 1 0 _aInmunología /
_coscar Rojas Espinosa.
250 _a2a ed.
260 _aMexico :
_bPanamericana,
_c2001.
300 _a374 p.
336 _2rdacontent
337 _2rdamedia
_asin mediacion
_bn
338 _2rdacarrier
_avolumen
_bnc
500 _aIncluye indice Analitico.
505 8 _aInmunidad y resistencia no especifica.--Inmunidad especifica el sistema linfoide.--Antigenos inmunogenos y haptenos.--Anticuerpos.--Los grupos sanguineos.--Vacunas.--Inmunología del cancer
590 _aSeminario de investigación III (Bacteriología)
590 _aInmunología (Bacteriología)
650 1 4 _aInmunología
_vEnseñanza.
908 _a160627
942 _cBK
_h616.079
_iR64i
_2ddc
999 _c22764
_d22764